Non-violence : (Record no. 87576)

MARC details
000 -LEADER
fixed length control field 00676nam a22002057a 4500
005 - DATE AND TIME OF LATEST TRANSACTION
control field 20140826123154.0
010 ## - LCCN (DPL NO)
LC control number ENG-110594
020 ## - INTERNATIONAL STANDARD BOOK NUMBER
International Standard Book Number 9780198090380
Terms of availability 1145.00
020 ## - INTERNATIONAL STANDARD BOOK NUMBER
International Standard Book Number 0198090382
Terms of availability 1145.00
035 ## - SYSTEM CONTROL NUMBER
System control number EN-94126
037 ## - SOURCE OF ACQUISITION
Source of stock number/acquisition DBAD/PUB
082 ## - DEWEY DECIMAL CLASSIFICATION NUMBER
Classification number 303.61
245 ## - TITLE STATEMENT
Title Non-violence :
Statement of responsibility, etc edited by Bidyut Chakrabarty
Remainder of title challenges and prospects /
260 ## - PUBLICATION, DISTRIBUTION, ETC. (IMPRINT)
Place of publication, distribution, etc New Delhi
Name of publisher, distributor, etc Oxford University Press
Date of publication, distribution, etc 2014
270 ## - ADDRESS
Address YMCA Library Building, 1 Jai Singh Road
City New Delhi
Postal code 110001
300 ## - PHYSICAL DESCRIPTION
Extent lxxvi,413p.
Dimensions 23cm(Hb)
500 ## - GENERAL NOTE
General note Includes bibliographical references and index
700 ## - ADDED ENTRY--PERSONAL NAME
Personal name Chakrabarty, Bidyut
942 ## - ADDED ENTRY ELEMENTS (KOHA)
Source of classification or shelving scheme Dewey Decimal Classification
Item type English Books
Call number suffix NON
Classification part 303.61
Holdings
Withdrawn status Lost status Not for loan Collection code Home library Current library Date acquired Source of acquisition Cost, normal purchase price Full call number Barcode Copy number Cost, replacement price Koha item type
    Not For Loan Non-fiction D.B.Act.Division D.B.Act.Division 05/08/2014 DBAD/PUB 1145.00 303.61 NON EN-94126 1 1145.00 English Books

© Delhi Public Library
Hit Counter
free hit counter